Catalog

Record Details

Catalog Search



Available copies

  • 1 of 1 copy available at LARL/NWRL Consortium.

Current holds

0 current holds with 1 total copy.

Show Only Available Copies
Location Call Number / Copy Notes Barcode Shelving Location Status Due Date
Roseau Public Library BAA (Text) 35500004281372 Main Available -

Record details

  • ISBN: 9781414316239 (pbk.)
  • ISBN: 1414316232 (pbk.)
  • Physical Description: 364 p. ; 21 cm.
  • Publisher: Carol Stream, Ill. : Tyndale House Publishers, 2008.
Subject: Mothers and daughters > Fiction.
Genre: Christian fiction.
LDR 01158cam a22003018a 4500
00192502
003LARL_NWRL_CONSORTIUM
00520080602131932.0
008071015s2008 ilu 000 1 eng
010 . ‡a2007042729
020 . ‡a9781414316239 (pbk.)
020 . ‡a1414316232 (pbk.)
035 . ‡a(OCoLC)174501914
040 . ‡aDLC ‡cDLC ‡dBTCTA ‡dBAKER ‡dLIQ ‡dIG#
08200. ‡a813/.6 ‡222
1001 . ‡aBaart, Nicole. ‡0(LARL_NWRL_CONSORTIUM)197320
24510. ‡aSummer snow ‡n#2 / ‡cNicole Baart.
260 . ‡aCarol Stream, Ill. : ‡bTyndale House Publishers, ‡c2008.
300 . ‡a364 p. ; ‡c21 cm.
4900 . ‡aThreads of change ; ‡v2
650 0. ‡aMothers and daughters ‡vFiction. ‡0(LARL_NWRL_CONSORTIUM)166030
655 7. ‡aChristian fiction. ‡2gsafd
901 . ‡a92502 ‡bOCLC ‡c92502 ‡tbiblio

Additional Resources